zpět

Detail výsledku týmu

Klub Tyjátr, Svitavy

Datum a čas kvízu

26.5 Celkem bodů Celkový počet nahraných bodů na tomto kvízu bez doplňovacích otázek.
8. Pořadí na kvízu Konečné umístění týmu na tomto kvízu.

Zaznamenané odpovědi

# Otázka Odpověď Body Výsledky
1. Jistá česká organizace působíc... Člověk v tísni 1
2. Nejstarší podzemní dráha na sv... po Alžbětě II. 1
3. Uveďte název komedie režiséra... Tři tygři ve filmu: JACKPOT 1
4. Raketa Falcon 9 společnosti Sp... Hurvínek 1
5. Pořadatelé mistrovství světa v... barvy byly popsány slovně 1
6. Téma námořních katastrof snad... v dubnu 1912 1
7. Toto námořní neštěstí si možná... Kursk, Barentsovo moře 0.5
8. Nyní zavítáme do trochu vzdále... Vasa 0
9. Americká velrybářská loď Essex... Herman Melville, Bílá velryba (Moby-Dick) 0.5
10. Vyberte, které z následujících... A 1